000 01359cam a22002891i 4500
003 SA-RiAUC
005 20260119140350.0
008 260108s1930 ||| g 000 0dara c
040 _aEG-CaDAJ
_bara
_cSA-RiAUC
_erda
082 0 4 _a269
090 _aم ن 269
_bش ن ق
100 1 _aالشنقيطي، محمد الخضر بن عبد الله بن أحمد،
_d1289-1353 هجري
_eمؤلف.
245 1 0 _aحصول الأماني بتقريظ مشتهى الخارف الجاني /
_cمحمد الخضر بن مايابي الجكني.
246 3 0 _aتقريظ مشتهى الخارف الجاني
250 _aالطبعة الأولى.
264 1 _a[مكان النشر غير محدد] :
_b[الناشر غير محدد]،
_c[1930]
264 3 _a[مكان الطبع غير محدد] :
_bمطبعة الصدق الخيرية
300 _a54 صفحة؛
_c29 سم.
336 _aنص
_btxt
_2rdacontent
_3كتاب
337 _aبدون وسيط
_bn
_2rdamedia
338 _aمجلد
_bnc
_2rdacarrier
600 1 7 _aالتجاني، أحمد بن محمد بن المختار،
_d1150-1230 هجري
_2aucnm
650 7 _aالتجانية (طرق صوفية)
_2aucsh
740 0 2 _aمشتهى الخارف الجاني في رد زلفات التجاني الجاني.
942 _2ddc
_cRBOOK COPY
_n0
949 _aSA-JeALM
_d260108
_umohamedma123
_n1
999 _c14110
_d14110